000 00679nam a22002057a 4500
005 20160418112613.0
008 130702t esp||||| |||| 00| 0esp d
020 _a8466532676
050 0 4 _aB52
_bF56 2004
100 1 _aFornet-Betancourt, Raúl
245 1 0 _aFilosofía para la Convivencia /
_bCaminos de dialogo Norte-Sur.
_cFornet-Betancourt, Raúl, Senent, Juan Antonio.
250 _a1ra. Ed.
260 _aSevilla, España.
_bMad.
_c2004.
300 _a346 p, ;
_c24 cm.
504 _aIncluye bibliografias e índice
650 7 _2Lemb
_aFilosofía
_xPsicología
700 1 _aFornet-Betancourt, Raúl, .
_eed.
700 1 _aSenent, Juan Antonio
_eed.
942 _2lcc
_cLIB
999 _c38852
_d38852